00572nam a22001697a 450000500170000001000150001702000260003203500140005803700090007208200110008110000200009224500930011225000060020526000580021127001130026930000200038220250307142647.0 aENG-144005 c250.00a9789388805025 aEN-127537 bDBAD a305.42 aG, Shivaranjani aAdversity Quotient Profiling For Women Employees Of Commercial Banks/cBy Shivaranjani G a1 bArchers & Elevators Publishing HouseaBangalorec2018 a131 AGB Lay Out, 6"Cross, Hesaraghatta,Main RoadbBangaloree560090k9164362263marcherselevators@gamail.com a151p.c22cm(pb)